Turnpike banking only the meek shall inherit the hearth

Saved in:
Bibliographic Details
Main Author: Bhattacharya, Sudipto
Other Authors: Fulghieri, Paolo, Rovelli, Riccardo
Format: Book
Language:English
Published: Milano IGIER 1997
Series:Working paper series Working paper No. 110
Subjects:
Tags: Add Tag
No Tags, Be the first to tag this record!

MARC

LEADER 00000nam a2200000 4500
001 c109108
005 20221124075024.3
041 0 |a eng 
044 |a IT 
245 1 0 |a Turnpike banking  |b only the meek shall inherit the hearth  |c Sudipto Bhattacharya, Paolo Fulghieri, Riccardo Rovelli 
264 1 |a Milano  |b IGIER  |c 1997 
300 |a 54 s. 
490 1 |a Working paper series  |v Working paper No. 110 
830 0 |a Working paper series  |v Working paper No. 110 
610 2 0 |a banky 
610 2 0 |a bankovníctvo 
610 2 0 |a burzy 
610 2 0 |a papiere cenné 
610 2 0 |a modely ekonomicko-matematické 
100 1 |a Bhattacharya, Sudipto 
700 1 |a Fulghieri, Paolo 
700 1 |a Rovelli, Riccardo